[Event "36th Cappelle Open 2020"]
[Site "Cappelle-la-Grande"]
[Date "2020.02.24"]
[Round "4.12"]
[White "Shinoda, Taro"]
[Black "Dardha, Daniel"]
[Result "0-1"]
[WhiteElo "1942"]
[BlackElo "2442"]
[Annotator "TA"]
[PlyCount "54"]
[EventDate "2020.02.22"]
[EventType "swiss"]
[EventCountry "FRA"]
[SourceTitle "playchess.com"]
[Source "ChessBase"]
[SourceQuality "1"]

{[%evp 14,54,34,42,47,46,54,39,42,46,38,31,40,21,21,11,19,14,18,-16,0,0,0,-2,0,-8,-6,-39,-49,-173,-172,-243,-241,-277,-265,-268,-270,-266,-242,-271,-260,-29993,-29994]} 1. d4 Nf6 2. c4 e6 3. g3 d5 4. Bg2 Bb4+ 5. Nd2 O-O 6. Ngf3 dxc4 7. Qc2 Nc6 8. Qxc4 Bd6 {E04: Open Catalan: 5 Nf3.} 9. O-O e5 10. dxe5 Nxe5 {White is slightly better.} 11. Nxe5 Bxe5 12. Nf3 Bd6 {[#]} 13. Rd1 $146 ({Predecessor:} 13. e4 Ng4 14. Rd1 Qf6 15. h3 Ne5 16. Nxe5 Qxe5 17. Qb3 Be6 18. Qxb7 Qh5 19. Be3 {1-0 (60) Goryachkina,A (2478)-Kurbedinov,R (2309) Sochi 2017}) 13... Qe7 14. Nd4 a6 15. Bd2 Re8 16. Bf3 h6 17. Rac1 c6 18. Ba5 Bh3 19. Rc3 Qe5 $36 {[%mdl 2048] White is under pressure.} 20. Bb6 {next Re3 is good for White.} Nd7 21. Nxc6 ({White has to play} 21. Qb3 $15) 21... bxc6 $19 22. Qxc6 (22. Be3 $142 Qe7 23. Qh4 Qxh4 24. gxh4) 22... Nxb6 23. Qxb6 Rad8 24. Re3 Bc7 {[%cal Rd8d1]} 25. Qb3 Qa5 26. Rxe8+ Rxe8 27. g4 $2 {[#]} (27. e3 $19) 27... Qe5 {Black took control after the opening. Accuracy: White = 61%, Black = 100%.} 0-1

[Event "36th Cappelle Open 2020"]
[Site "Cappelle-la-Grande"]
[Date "2020.02.25"]
[Round "5.1"]
[White "Shchekachev, Andrei"]
[Black "Bauer, Christian"]
[Result "0-1"]
[WhiteElo "2529"]
[BlackElo "2630"]
[Annotator "TA"]
[PlyCount "70"]
[EventDate "2020.02.22"]
[EventType "swiss"]
[EventCountry "FRA"]
[SourceTitle "playchess.com"]
[Source "ChessBase"]
[SourceQuality "1"]

{[%evp 16,70,12,12,15,8,12,0,8,7,2,-5,4,0,0,0,26,38,31,28,55,10,14,7,0,3,39,29,38,25,32,15,41,0,27,-336,0,-441,-430,-479,-509,-456,-429,-435,-440,-612,-603,-692,-675,-709,-636,-634,-631,-1669,-1632,-1560,-1621]} 1. Nf3 Nf6 2. c4 e6 3. Nc3 Bb4 4. Qc2 O-O 5. a3 Bxc3 6. Qxc3 d6 7. d4 a5 8. b3 Nc6 9. Bb2 Re8 {E33: Nimzo-Indian: Classical: 4...Nc6.} 10. Rd1 {The main line 10.Rd1 scores better than 10.g3.} Qe7 11. e3 e5 {The position is equal.} 12. d5 Nb8 13. Nd2 c6 14. dxc6 bxc6 15. Bd3 Nbd7 16. Ne4 {[#] Threatens to win with Nxd6!} Nxe4 $146 ({Predecessor:} 16... d5 17. Nxf6+ Nxf6 18. O-O Bb7 19. Rfe1 Nd7 20. cxd5 cxd5 21. Qc7 Nf6 22. Bxe5 Qxe5 23. Qxb7 {½-½ (56) Kretov,E (2278)-Kharitonov,A (2558) Voronezh 2014}) 17. Bxe4 Ra6 18. b4 Nf6 19. Bd3 axb4 20. axb4 Rb6 21. O-O Qb7 22. Ba3 Bg4 23. Rb1 e4 24. Bc2 Qc8 25. Rfe1 $2 {[%mdl 8192] [#]} (25. f3 $11 Bf5 26. f4) 25... Re5 $2 (25... Bf3 $1 $19 {[%mdl 512]} 26. h3 (26. gxf3 $2 Qh3 $19) 26... Qf5) 26. Kh1 $2 {[%mdl 8192] [#]} (26. Qd4 $1 $11 {and White has nothing to worry.} Bf3 27. Kf1 (27. Qxb6 {leads to mate.} Qg4 28. Qb8+ Re8 29. Qxe8+ Nxe8 30. g3 Qh3 31. Rf1 Qg2#) (27. gxf3 $2 Rg5+ 28. Kf1 exf3 $19) (27. Qxd6 {is a self mate.} Qg4 28. Qf8+ Kxf8 29. g3 Qh3 30. b5+ Kg8 31. bxc6 Qg2#)) 26... Bf3 $1 $19 {[%mdl 576] Deflection. Black is clearly winning.} 27. gxf3 Qh3 {( -> ...Rg5)} 28. Qxe5 Qxf3+ 29. Kg1 dxe5 30. Rbd1 {Rd8+ would kill now.} h5 31. Rd8+ Kh7 32. Bd1 Qh3 {Hoping for ...c5!} 33. Rd6 Ne8 34. b5 Nxd6 35. Bxd6 {[#]} c5 $1 {Accuracy: White = 56%, Black = 84%.} 0-1

[Event "36th Cappelle Open 2020"]
[Site "Cappelle-la-Grande"]
[Date "2020.02.25"]
[Round "5.2"]
[White "Enchev, Ivajlo"]
[Black "Moussard, Jules"]
[Result "0-1"]
[WhiteElo "2496"]
[BlackElo "2608"]
[Annotator "TA"]
[PlyCount "52"]
[EventDate "2020.02.22"]
[EventType "swiss"]
[EventCountry "FRA"]
[SourceTitle "playchess.com"]
[Source "ChessBase"]
[SourceQuality "1"]

{[%evp 16,52,24,32,47,0,0,0,0,0,16,-31,0,13,19,0,0,0,0,-264,-271,-342,-332,-321,-326,-338,-330,-357,-345,-337,-347,-346,-329,-331,-304,-304,-288,-293,-263]} 1. d4 f5 2. Nf3 Nf6 3. g3 g6 4. Bg2 Bg7 5. O-O O-O 6. c4 d6 7. Nc3 c6 8. Re1 {8.b3 is setting a new trend.} Na6 9. b3 Qc7 {A88: Dutch Defence: Leningrad System: 5 Nf3 0-0 6 0-0 d6 7 Nc3 c6.} 10. e4 Nxe4 11. Nxe4 fxe4 {The position is equal.} 12. Rxe4 Bf5 {[#]} 13. Re3 $146 ({Predecessor:} 13. Rh4 e5 14. Bh6 Bxh6 15. Rxh6 Qg7 16. Qd2 Bg4 17. Ne1 exd4 18. h3 d3 19. Rc1 {0-1 (25) Pallister,S-Andrew,S ICCF email 2015}) 13... e5 14. dxe5 dxe5 {[#] Threatens to win with ...e4.} 15. Ba3 Rfd8 $36 {[%mdl 2048] White is under pressure.} 16. Qe1 {[%cal Rf3e5]} e4 $1 {[%cal Re4f3]} 17. Rc1 $2 {[%mdl 8192]} (17. Ng5 $11 {and White has nothing to worry.}) 17... exf3 $19 18. Re7 fxg2 19. Rxc7 Nxc7 20. Kxg2 Ne6 21. Rd1 Rxd1 22. Qxd1 {Black has a decisive advantage.} Rd8 23. Qe2 Rd3 24. Bc1 {[#] Strongly threatening g4.} h5 25. h3 {g4 is the strong threat.} Kf7 26. Be3 Nd4 {Accuracy: White = 65%, Black = 90%.} 0-1

[Event "36th Cappelle Open 2020"]
[Site "Cappelle-la-Grande"]
[Date "2020.02.25"]
[Round "5.3"]
[White "Guilleux, Fabien"]
[Black "Demuth, Adrien"]
[Result "1/2-1/2"]
[WhiteElo "2441"]
[BlackElo "2500"]
[Annotator "TA"]
[PlyCount "59"]
[EventDate "2020.02.22"]
[EventType "swiss"]
[EventCountry "FRA"]
[SourceTitle "playchess.com"]
[Source "ChessBase"]
[SourceQuality "1"]

{[%evp 24,59,-35,-41,-28,-24,-33,-65,-11,-8,-18,-12,-14,-42,-50,-39,-43,-48,-12,-12,0,0,0,0,0,0,0,0,0,0,0,0,0,0,0,0,0,0]} 1. Nf3 c5 2. c4 Nc6 3. Nc3 Nf6 4. d4 cxd4 5. Nxd4 e6 6. g3 Qb6 7. Nb3 Ne5 8. e4 Bb4 9. Qe2 d6 10. f4 Nc6 11. Be3 Qc7 12. Bg2 Bxc3+ 13. bxc3 e5 $1 {A33: Symmetrical English: 2 Nf3 Nf6 3 d4 cxd4 4 Nxd4 e6 5 Nc3 Nc6.} 14. O-O b6 15. fxe5 dxe5 {[#]} (15... Nxe5 $15 16. Nd4 Bg4) 16. Bh6 $146 ({Predecessor:} 16. c5 Be6 17. Rxf6 gxf6 18. Rf1 h5 19. Rxf6 h4 20. g4 h3 21. Bf1 Qe7 22. g5 {1-0 (44) Ehlvest,J (2646)-Antonio,R (2580) Las Vegas 2008}) 16... O-O 17. Rxf6 gxf6 18. Qf1 Qe7 19. Bxf8 Kxf8 20. Bh3 Be6 21. Bxe6 {The position is equal.} fxe6 22. c5 Na5 23. Nxa5 bxa5 {[%mdl 4096] Endgame KQR-KQR} 24. Qb5 Rc8 25. c6 Qd6 26. Rf1 Kg7 27. Qe2 {[#] Black must now prevent Qg4+.} Qe7 ({Much weaker is} 27... Qxc6 $6 28. Qg4+ Kh8 29. Rxf6 $16) 28. Qb5 Qd6 29. Qe2 {aiming for Qg4+.} Qe7 ({Reject} 29... Qxc6 $6 30. Qg4+ Kh8 31. Rxf6 $16) 30. Qb5 {Accuracy: White = 88%, Black = 86%.} 1/2-1/2

[Event "36th Cappelle Open 2020"]
[Site "Cappelle-la-Grande"]
[Date "2020.02.25"]
[Round "5.4"]
[White "Martinez Alcantara, Jose Eduardo"]
[Black "Nitin, S.."]
[Result "1/2-1/2"]
[WhiteElo "2617"]
[BlackElo "2353"]
[Annotator "TA"]
[PlyCount "69"]
[EventDate "2020.02.22"]
[EventType "swiss"]
[EventCountry "FRA"]
[SourceTitle "playchess.com"]
[Source "ChessBase"]
[SourceQuality "1"]

{[%evp 19,69,15,11,8,28,-14,2,0,40,34,34,27,28,20,41,23,24,18,37,6,20,13,27,10,4,-4,0,0,0,-5,-5,-6,-14,-12,74,74,74,74,74,74,74,74,74,73,73,37,29,0,0,0,0,0]} 1. c4 g6 2. Nf3 Bg7 3. d4 Nf6 4. g3 O-O 5. Bg2 d6 6. O-O c6 7. Nc3 Bf5 8. Nh4 Be6 9. d5 cxd5 10. cxd5 Bd7 11. Nf3 {E62: King's Indian: Fianchetto: 6...c6 and Panno Variation (6...Nc6) without ...a6.} a5 12. h3 Na6 {[#]} 13. e4 $146 ({Predecessor:} 13. Be3 Rc8 14. Nd4 Nc5 15. Qd2 a4 16. Rfc1 Qa5 17. Rab1 Ne8 18. b4 axb3 19. axb3 Qb4 20. Ncb5 Qxd2 21. Bxd2 {½-½ (41) Ulak,S (2310)-Mikhalevski,V (2500) Pardubice 1996}) 13... a4 14. e5 dxe5 15. Nxe5 a3 16. bxa3 Bf5 17. Bb2 Nc5 18. g4 Qb6 19. Qd2 Be4 20. Nxe4 Nfxe4 21. Qc2 Nd6 $1 22. Bd4 {Strongly threatening Nd7!} Rfc8 23. Rac1 {[%cal Rd4c5]} Qb5 24. Qd1 $132 {[%mdl 2048] White is fighting back} Rxa3 25. Nc6 bxc6 26. Bxc5 Rxa2 (26... Rd3 $11 {keeps the balance.} 27. Qe2 Rc3 28. Qxb5 cxb5 29. Rxc3 Bxc3) 27. dxc6 $16 Bh6 28. Rc2 Rxc2 29. Qxc2 Rxc6 30. Bxc6 Qxc6 31. Rd1 Nb7 32. Qb2 (32. Ra1 $5 {[%cal Ra1a8]} Nxc5 33. Ra5 $16) 32... Qf3 {[%mdl 64] Double Attack} ({And not} 32... Nxc5 33. Rd8+ Qe8 34. Rxe8+ Bf8 35. Rxf8+ $1 {[%mdl 512]} Kxf8 36. Qh8#) 33. Qa1 Qxh3 {Threatens to win with ...Bf4.} ({Stronger than} 33... Nxc5 34. Rd8+ Bf8 35. Rxf8+ $1 {[%mdl 512]} Kxf8 36. Qh8#) 34. Rd4 Be3 ({Worse is} 34... Nxc5 35. Rd8+ Bf8 {[#]} 36. Rxf8+ $1 {[%mdl 576] Deflection, Back Rank} Kxf8 37. Qh8#) 35. fxe3 {Accuracy: White = 81%, Black = 86%.} 1/2-1/2

[Event "36th Cappelle Open 2020"]
[Site "Cappelle-la-Grande"]
[Date "2020.02.25"]
[Round "5.5"]
[White "Nikolov, Momchil"]
[Black "Boyer, Mahel"]
[Result "1-0"]
[WhiteElo "2539"]
[BlackElo "2317"]
[Annotator "TA"]
[PlyCount "70"]
[EventDate "2020.02.22"]
[EventType "swiss"]
[EventCountry "FRA"]
[SourceTitle "playchess.com"]
[Source "ChessBase"]
[SourceQuality "1"]

{[%evp 11,70,66,66,44,34,46,54,60,59,37,55,43,41,37,70,56,62,0,0,0,76,70,106,93,85,106,133,135,112,111,109,94,116,89,77,68,121,114,107,94,227,237,243,210,374,360,333,371,547,531,462,483,755,473,1106,1101,1684,1591,1437,1365,3069]} 1. d4 Nf6 2. c4 c5 3. d5 e6 4. Nc3 exd5 5. cxd5 d6 6. e4 g6 7. Nge2 {A65: Modern Benoni: 6 e4.} Bg7 8. Ng3 {[#]} b6 $146 ({Predecessor:} 8... h5 9. Be2 a6 10. a4 Qe7 11. Bg5 Qe5 12. h4 Nh7 13. Be3 Qe7 14. Qd2 Nd7 {1-0 (57) Mamedyarov,S (2772)-Indjic,A (2646) Budva 2019}) 9. Bb5+ {White is slightly better.} Nfd7 10. Be2 O-O 11. O-O Ba6 12. Be3 Ne5 13. f4 Nc4 14. Bxc4 (14. Bc1 $1 $14) 14... Bxc4 $11 15. Rf3 b5 (15... Bxc3 $11 16. Qc2 {[%mdl 64] Pin} Bh8 17. Qxc4 Bxb2) 16. e5 $1 $16 {b3 is the strong threat.} dxe5 {[#]} 17. f5 $1 {And now b3 would win.} (17. Bxc5 Re8 $17) 17... e4 18. Ngxe4 b4 19. f6 (19. Bxc5 bxc3 20. Bxf8 Qxf8 $17) 19... Bh8 20. b3 bxc3 21. bxc4 Re8 22. Qc2 Nd7 {[%cal Rd7f6]} 23. Raf1 $36 {[%mdl 2048] Black is under pressure.} Ne5 ({Black should play} 23... Nxf6 $14 24. Nxf6+ (24. Nxc3 Ng4 $11) (24. Rxf6 Rxe4 25. Qxe4 Bxf6 $11) 24... Bxf6) 24. Qxc3 Nxf3+ 25. gxf3 Qd7 {This move loses the game for Black.} (25... Rc8 $16) 26. Bxc5 $18 (26. Nxc5 Qc8 $16) 26... Rac8 {Threatening ...Rxe4.} 27. Bd4 Rxe4 $2 {[#]} (27... h5 28. Qd3 h4) 28. fxe4 Qg4+ 29. Qg3 Qxe4 (29... Qe2 {was worth a try.} 30. e5 Qxc4) 30. Qf4 {White is clearly winning.} Qe2 31. c5 Qxa2 (31... Qb5 $142 32. Re1 h5) 32. Qe5 h5 (32... Qa4 $142 33. d6 Qc6) 33. d6 Qa4 34. Qd5 Qd7 35. Re1 Rb8 {Accuracy: White = 81%, Black = 43%.} 1-0

[Event "36th Cappelle Open 2020"]
[Site "Cappelle-la-Grande"]
[Date "2020.02.25"]
[Round "5.6"]
[White "Guliyev, Namig"]
[Black "Jogstad, Martin"]
[Result "1-0"]
[WhiteElo "2537"]
[BlackElo "2312"]
[Annotator "TA"]
[PlyCount "105"]
[EventDate "2020.02.22"]
[EventType "swiss"]
[EventCountry "FRA"]
[SourceTitle "playchess.com"]
[Source "ChessBase"]
[SourceQuality "1"]

{[%evp 13,104,50,50,13,51,5,13,9,31,7,19,8,6,0,0,0,29,0,0,0,22,0,17,7,13,-18,-3,-96,-113,-199,-210,-205,0,-241,-280,-242,-23,-29,-27,-23,-25,-25,-41,-49,-39,-107,0,0,0,0,0,0,0,0,14,0,39,0,0,0,0,0,0,0,43,0,75,80,96,83,246,215,232,135,253,121,373,143,157,112,508,487,597,589,968,965,866,913,2457,2331,29998,29999,29999]} 1. e4 e6 2. d4 d5 3. Nc3 Bb4 4. e5 b6 5. Qg4 Bf8 6. Bg5 Qd7 7. O-O-O h6 8. Qh3 {C16: French: 3 Nc3 Bb4 4 e5: Lines without ...c5.} (8. Be3 {is interesting.} Bb7 9. a3 Ne7 10. Kb1 Nf5 11. Bd3) 8... Ne7 9. Bxe7 Bxe7 10. f4 {The position is equal.} Ba6 11. Nf3 Bxf1 12. Rhxf1 Nc6 13. g4 O-O-O 14. Kb1 Na5 15. b3 c5 16. f5 Nc6 17. Qh5 Rhf8 18. Ne2 {[#]} c4 $146 ({Predecessor:} 18... Kb8 19. fxe6 fxe6 20. Qg6 cxd4 21. Nexd4 Nxd4 22. Nxd4 Rde8 23. Nxe6 Rxf1 24. Rxf1 Qb5 {1-0 (31) Guliyev,N (2577)-Marin,M (2572) Baku 2016}) 19. Rf2 Kb8 20. Rdf1 (20. f6 $11 gxf6 21. exf6 Bxf6 22. Qxh6) 20... Rc8 $17 21. fxe6 (21. Qh3 $17) 21... fxe6 $19 22. Qg6 Ba3 $2 (22... Nb4 $1 $19 {aiming for ...Qb5.} 23. g5 Qc6) 23. Ne1 $2 (23. c3 $1 $11 {and White stays safe.}) 23... Rxf2 24. Rxf2 Rc7 $2 ({Black should try} 24... Na5 $1 $19 25. Rf3 Qb5) 25. c3 $11 cxb3 26. axb3 Na5 27. Qc2 Qb5 28. Ka2 Be7 29. Nc1 (29. Qb2 $15) 29... Bb4 (29... Nc6 $1 $17 {[%cal Rc6d4] Hoping for ...Nxd4!} 30. Qd3 Nxd4 $1 {[%mdl 512]} 31. Qxd4 Bc5) 30. Rf3 Nc6 {And now ...Nxd4! would win.} 31. Ne2 Qa6+ 32. Kb1 Be7 33. Nd3 Na5 34. Nef4 Qc8 35. Nc1 Bg5 {White should prevent ...Bxf4.} 36. Ng6 Kb7 37. Ne2 Qe8 {Threatens to win with ...Qb5.} 38. h4 Be7 {Strongly threatening ...Nxb3!} 39. Ka2 (39. Nef4 $5 {[%cal Rf4e6]}) 39... Qc8 (39... Nxb3 $1 $11 40. Nxe7 (40. Kxb3 $2 Qb5+ 41. Ka2 Rc4 $19) 40... Qa4+ 41. Kb2 Qb5) 40. Rf7 $16 Bd8 41. Rf8 $36 {[%mdl 2048] White has strong initiative.} b5 $2 (41... Qd7 $16 {was worth a try.}) 42. Qd3 Kb6 43. Kb2 (43. Nef4 $1 $18) 43... Qd7 {[#]} (43... Nc6 $16 44. Nef4 Qd7) 44. Nef4 (44. Ngf4 $1 $18 {is the precise move to win.}) 44... b4 $2 {[%mdl 8192] [#]} (44... Nc6 $16 45. Rg8 a6) 45. cxb4 $2 (45. Rxd8 $1 $18 {[%mdl 512] and the rest is easy.} Qxd8 46. cxb4) 45... Nc6 46. Qc3 {Black must now prevent Nd3.} Nb8 $2 {[%mdl 8192]} (46... Ne7 $16 47. Qd3 Nc6) 47. Qd2 $18 Nc6 48. Nd3 Be7 49. Nc5 Bxc5 50. dxc5+ ({Less strong is} 50. bxc5+ Kb7 $16) 50... Kb5 51. Ka3 {[%cal Rd2e2]} Ka6 52. Qd3+ Kb7 53. Qb5# {Quite a comeback for White. Accuracy: White = 57%, Black = 50%.} 1-0

[Event "36th Cappelle Open 2020"]
[Site "Cappelle-la-Grande"]
[Date "2020.02.25"]
[Round "5.7"]
[White "Eden, James"]
[Black "Stany, G.A."]
[Result "0-1"]
[WhiteElo "2326"]
[BlackElo "2522"]
[Annotator "TA"]
[PlyCount "82"]
[EventDate "2020.02.22"]
[EventType "swiss"]
[EventCountry "FRA"]
[SourceTitle "playchess.com"]
[Source "ChessBase"]
[SourceQuality "1"]

{[%evp 11,82,7,19,0,17,0,24,3,3,7,8,5,8,0,7,0,0,0,0,-28,0,-8,0,-36,-19,-88,-106,-113,-106,-107,-115,-100,-54,-62,0,0,152,150,135,149,165,156,139,156,222,180,157,17,0,21,25,0,0,0,0,0,0,-343,-343,-343,-343,-343,-319,-303,-258,-276,-233,-424,-388,-287,-97,-801,-745]} 1. e4 e5 2. Nf3 Nc6 3. d4 exd4 4. Nxd4 Bc5 5. Nxc6 Qf6 6. Qf3 bxc6 7. Nc3 {C45: Scotch Game.} (7. Nd2 {looks sharper.} d6 8. Bd3 Qxf3 9. Nxf3 Ne7 10. Bd2) 7... d6 8. Bc4 (8. Qg3 {is interesting.} h5 9. h4 Bd4 10. Bc4 Qe5 11. Qxe5+ Bxe5 12. Be3) 8... Bd4 {[#]} 9. Ne2 $146 {White has an edge.} (9. Qg3 {feels hotter.} Ne7 10. O-O Ng6 11. Na4 Be6 12. Ba6) ({Predecessor:} 9. Bg5 Qxg5 10. Qxf7+ Kd8 11. Qf8+ Kd7 12. Bxg8 Qf6 13. Qxf6 gxf6 14. Bb3 Re8 15. f3 {½-½ (23) Popist,F (2019)-Wu,L (2009) Wuerzburg 2019}) 9... Qxf3 10. gxf3 Bf6 11. Nf4 g6 12. c3 Rb8 13. Bb3 Ne7 14. Be3 c5 15. O-O-O h5 16. Ba4+ Kf8 $1 17. Nd3 Bb7 18. Nxc5 (18. Nf4 $11) 18... dxc5 $17 19. Bxc5 {Rd7 would now be nice for White.} Bc8 20. h4 Be6 21. f4 a6 ({Don't go for} 21... Bxa2 $2 22. e5 $18) 22. Rd2 Bg4 ({Wrong is} 22... Bxa2 $2 23. e5 $18) (22... Bg7 $15) 23. Rd3 $11 Rh7 $2 {[#]} (23... c6 $11) 24. f3 $1 $16 {[%cal Rf3g4][%mdl 1024] White has strong compensation.} Be6 25. e5 Bg7 26. Rhd1 Bh6 {[#]} 27. Rd4 $1 Rc8 (27... Rh8 $16) 28. Kb1 {Threatens to win with Rd8+.} Rh8 29. Rd8+ (29. Bc6 $16) 29... Rxd8 $11 30. Rxd8+ Kg7 31. Bxe7 {Bf6+ would kill now.} (31. Rxh8 {is more complex.} Kxh8 32. Bxe7 Bxf4 33. Bf6+ Kh7 34. Bc2) 31... Rxd8 $1 32. Bxd8 {Hoping for Bg5.} Bxf4 {[%mdl 4096] Endgame KBB-KBB} 33. Bf6+ Kh6 34. Bb3 $2 {[%mdl 8192]} (34. Bc2 $11 {and White is okay.}) 34... Bxb3 $19 35. axb3 {KB-KB} g5 36. Kc2 gxh4 37. Bxh4 Kg6 38. Kd3 {Threatening Ke4.} Kf5 39. b4 $2 (39. Ke2 {might work better.}) 39... Bxe5 40. Ke3 Bf4+ $2 (40... c6 $19 41. Bf2 Kg5) 41. Kd4 $2 {[%mdl 8192]} (41. Kf2 $17) 41... Bg5 {Never resign too early! Accuracy: White = 63%, Black = 73%.} 0-1

[Event "36th Cappelle Open 2020"]
[Site "Cappelle-la-Grande"]
[Date "2020.02.25"]
[Round "5.8"]
[White "Dimitrov, Radoslav"]
[Black "Bujisho, Benjamin"]
[Result "1/2-1/2"]
[WhiteElo "2519"]
[BlackElo "2285"]
[Annotator "TA"]
[PlyCount "87"]
[EventDate "2020.02.22"]
[EventType "swiss"]
[EventCountry "FRA"]
[SourceTitle "playchess.com"]
[Source "ChessBase"]
[SourceQuality "1"]

{[%evp 16,87,28,27,82,75,64,70,100,75,94,39,77,56,61,36,39,35,63,77,85,59,80,72,72,85,85,79,83,60,86,-98,-98,-98,-24,-25,-31,-27,-26,-35,0,-35,-35,-35,-35,-41,-39,-71,-49,-54,-55,-41,-14,-14,-10,-19,-9,-27,-19,-28,0,-33,-17,-46,0,0,0,0,0,0,0,-43,-16,-15]} 1. e4 c5 2. Nc3 Nc6 3. Bb5 Nd4 4. Bc4 g6 5. Nf3 Bg7 6. Nxd4 cxd4 7. Qf3 Nh6 8. Ne2 O-O 9. d3 {9.c3 is not played anymore.} e6 {B23: Closed Sicilian: Lines without g3.} (9... Ng4 $11 {remains equal.}) 10. O-O $16 f5 {[#]} 11. Qh3 $146 ({Predecessor:} 11. Qg3 Kh8 12. Bb3 Nf7 13. Bd2 b6 14. Nf4 Be5 15. Qh3 Rg8 16. exf5 gxf5 17. Rae1 {0-1 (25) Lehmann,H (2220)-Stets,D (2427) Senden 2009}) 11... Ng4 {White is slightly better.} 12. exf5 gxf5 13. Nf4 (13. Bb3 $16) 13... a5 14. a4 d5 15. Bb3 Ra6 $1 16. Qf3 Qe8 17. Re1 Qf7 18. Bd2 Kh8 19. Re2 Ne5 20. Qh5 Ng6 {[#] White must now prevent ...Nxf4.} 21. Nh3 Bf6 22. Bh6 {Ng5 is the strong threat.} Rg8 23. f4 $2 (23. Bg5 $16 {stays on course.}) 23... Ne5 $1 $36 {[%mdl 2048] Black has strong initiative.} 24. Bg5 Bxg5 (24... Qxh5 $17 25. Bxf6+ Rg7 26. Rxe5 h6) 25. Qxf7 $11 Nxf7 26. fxg5 Nxg5 27. Nf4 $1 Kg7 28. h4 Nf7 29. Rae1 {[%cal Rf4e6]} Nd8 30. Kh2 Rd6 31. Rf2 Kf7 32. c4 {[%cal Rc4d5]} dxc3 $1 33. bxc3 Rg4 34. g3 Rg8 35. d4 Nc6 36. Bd1 Ke7 37. Be2 Bd7 38. Bh5 Nd8 39. Bf3 Kf8 40. Bd1 Nf7 41. Rfe2 {[%cal Rf4e6]} Nd8 42. Rf2 Nf7 43. Nh5 Rg6 44. Nf4 {Accuracy: White = 71%, Black = 66%.} 1/2-1/2

[Event "36th Cappelle Open 2020"]
[Site "Cappelle-la-Grande"]
[Date "2020.02.25"]
[Round "5.9"]
[White "Stillger, Bernhard"]
[Black "Bellahcene, Bilel"]
[Result "0-1"]
[WhiteElo "2253"]
[BlackElo "2510"]
[Annotator "TA"]
[PlyCount "162"]
[EventDate "2020.02.22"]
[EventType "swiss"]
[EventCountry "FRA"]
[SourceTitle "playchess.com"]
[Source "ChessBase"]
[SourceQuality "1"]

{[%evp 10,162,16,22,12,20,2,17,22,8,35,31,25,21,52,49,49,40,35,12,43,49,63,57,65,69,79,39,83,81,79,87,88,76,77,77,103,72,83,74,74,75,78,66,73,55,52,18,44,44,76,73,79,50,112,104,138,146,89,0,0,0,0,0,0,0,0,0,0,0,0,0,0,0,0,0,0,-23,-23,-20,0,-29,-5,-20,-20,-42,-4,-4,-4,-4,-4,-4,-4,-22,-4,-8,-8,-8,-8,-35,-8,-41,-36,-41,-41,-41,-41,-45,-8,-8,-8,-41,-51,-404,-358,-290,-266,-494,-494,-698,-442,-668,-646,-617,-459,-450,-424,-415,-398,-481,-386,-515,-468,-792,-785,-1344,-1291,-1294,-1319,-1387,-1378,-1281,-1289,-1238,-1125,-1545,-1303,-1154,-1134,-806,-645,-29979,-29980,-29979,-29980]} 1. Nf3 Nf6 2. c4 e6 3. g3 d5 4. Bg2 dxc4 5. Qa4+ c6 6. Qxc4 b5 {A13: English Opening: 1...e6.} 7. Qb3 Bb7 8. O-O Nbd7 {The position is equal.} 9. d4 Be7 10. Rd1 O-O 11. Bg5 {[#]} Nd5 $146 ({Predecessor:} 11... Qb6 12. Nc3 Rfd8 13. Rac1 h6 14. Bxf6 Nxf6 15. e3 Rab8 16. Ne5 c5 17. dxc5 Rxd1+ 18. Qxd1 Bxc5 19. Bxb7 Qxb7 {½-½ (56) Ding,L (2812)-Andreikin,D (2727) Wenzhou 2019}) 12. Bxe7 Qxe7 13. Nc3 a5 14. Nxd5 exd5 15. e3 Nb6 16. Ne5 Nc4 17. Nd3 Bc8 18. Qc3 b4 19. Qc1 Bg4 20. Re1 Be6 21. Nc5 Qf6 22. a3 b3 23. a4 ({Don't play} 23. Nxb3 $6 Rfb8 $11) 23... Rab8 24. Qc3 Rb4 25. Nd3 Rb6 26. Ne5 Ra8 27. f4 Nxe5 28. fxe5 Qe7 29. Rec1 Bf5 30. Qc5 $1 {[%cal Rc5e7]} Qd8 31. Rf1 Bg6 (31... Be6 $14) 32. Rf4 $16 h6 33. Raf1 Rba6 {[#]} (33... Ra7 $142 34. e6 Re7) 34. e4 (34. Rc1 $1 $16) 34... dxe4 $11 35. Bxe4 Bxe4 36. Rxe4 Qd5 37. Qxd5 cxd5 {[%mdl 4096] Endgame KRR-KRR} 38. Ref4 R6a7 39. Rc1 Rb8 40. Rc5 Rb4 41. Rxd5 {Hoping for Rd8+.} Rxa4 42. Rb5 g5 43. Rf2 (43. Re4 {is interesting.} Rc7 44. Kf2 Rc2+ 45. Ke3 Rxb2 46. e6) 43... Rxd4 {...a4 is the strong threat.} 44. Rxb3 a4 45. Re3 Ra6 46. Rfe2 Rb4 47. Re4 Rb5 48. h4 Kg7 49. hxg5 hxg5 50. Kf2 Rb3 51. g4 (51. Rd4 {keeps more tension.} Ra7 52. Kg2 Ra5 53. Rg4 Kg6 54. Rd4) 51... Rbb6 52. Ke1 Kf8 53. Kd1 Ke7 54. Kc1 Rb5 55. R2e3 Rc6+ 56. Kb1 Rcb6 57. Rxa4 Rxb2+ 58. Kc1 Rf2 59. Ra7+ Ke6 60. Raa3 Rf4 61. Rf3 $2 {[%mdl 8192] [#] This move loses the game for White.} ({Better is} 61. Rh3 $1 $15) 61... Rbb4 $1 $19 62. Ra6+ Kxe5 63. Ra5+ $2 (63. Re3+ Kd4 64. Re7) 63... Ke4 64. Rg3 (64. Rh3 $142 Rxg4 65. Rh1) 64... f6 65. Kd2 (65. Raa3 $142 Ke5 66. Rae3+ Kd5 67. Rgf3) 65... Rf3 66. Rg1 Rd4+ 67. Kc1 Rc4+ 68. Kb2 Ke3 69. Raa1 Re4 70. Kc2 Kf4 71. Ra6 (71. Ra5 $142 Rg3 72. Rf1+ Kxg4 73. Rxf6) 71... Rg3 72. Rxf6+ Kxg4 $1 73. Rh1 Re2+ 74. Kb1 Rgg2 75. Rb6 Ref2 76. Rc1 Kg3 77. Rc3+ Rf3 78. Rc1 g4 79. Rb4 Kh2 80. Rb8 Rg1 81. Rb2+ Kh1 $1 {Accuracy: White = 64%, Black = 78%.} 0-1